000 01470nam a22002657a 4500
999 _c58982
_d58982
003 Ge_BSU
005 20221027110647.0
008 221027s2006 ge ||||| |||| 00| 0 geo d
020 _a9994087207
041 _ageo
080 _a32.001 მ-43
100 _aმაჭარაშვილი, ნანა
_92986
245 _aპოლიტიკის ანალიზი :
_bსალექციო კურსი სოც. მეცნ. მაგისტრატურისათვის /
_cნანა მაჭარაშვილი ; [მთ. რედ.: მარინე ჩიტაშვილი, ენობრ. რედ.: ლია კაჭარავა].
264 _aთბილისი :
_b სოციალურ მეცნიერებათა ცენტრი,
_c2006.
300 _a98გვ. :
_bსქემ., ცხრ. ;
_c29სმ.
490 _aსოციალურ მეცნიერებათა სერია
501 _aშენიშვნ. და გვ. 96.
504 _aბიბლიოგრ. ტექსტ.
520 _aრეზ. ინგლ. ენ.
653 _aპოლიტოლოგია
653 _aპოლიტიკის ანალიზი.
700 _aჩიტაშვილი, მარინე
_eრედაქტორი
_9977
700 _aკაჭარავა, ლია
_eრედაქტორი
_915572
942 _2udc
_cBK